| 000 | 00612nam a2200241 a 4500 | ||
|---|---|---|---|
| 001 | nice12345678 | ||
| 003 | IN_TiNIC | ||
| 005 | 20260116012610.0 | ||
| 008 | 050524s0000 bana grp 000 0 urd | ||
| 020 |
_a _c100 |
||
| 082 | 0 | 0 |
_a222.1 _bSGM |
| 100 | _aScripture G, Mission | ||
| 245 | _aKhulasa-E-Tawrait Ma` Zabur-O-Sahaif-E-Anbiya. | ||
| 260 |
_aBangalore _bScripture Gift Mission _c0000 |
||
| 300 | _a184p | ||
| 500 | _aincludes index and biblioraphy | ||
| 505 | 2 | _aAppendex, glossary | |
| 650 | _aTorah | ||
| 700 | 1 | _aScripture G, Mission | |
| 902 | _bSRS | ||
| 942 | _cBK | ||
| 999 |
_c7612 _d7612 |
||